Statistics for Landmarks of Asian Countries #1

Click here to take the quiz!

General Stats

  • This quiz has been taken 80 times
  • The average score is 12 of 20

Answer Stats

LandmarkCountry% Correct
Taj MahalIndia
100%
Forbidden CityChina
97%
Mount FujiJapan
95%
Angkor WatCambodia
91%
Burj KhalifaUnited Arab Emirates
89%
KrakatoaIndonesia
82%
Ryugyong HotelNorth Korea
74%
Wailing WallIsrael
72%
Quezon Memorial CirclePhilippines
68%
PersepolisIran
66%
Wat Phra KaewThailand
66%
Buddhas of BamiyanAfghanistan
49%
GyeongbokgungSouth Korea
49%
Mausoleum of SaladinSyria
38%
PamukkaleTurkey
26%
War Remnants MuseumVietnam
26%
Black StoneSaudi Arabia
25%
Choijin Lama TempleMongolia
22%
Sri Mariamman TempleSingapore
14%
Adam's PeakSri Lanka
9%

Score Distribution

Percentile by Number Answered

Percent of People with Each Score

Your Score History

You have not taken this quiz